Jak vytvářejí podnikatelé inovační klima? Poradenské listy pro výrobkové manažery a vedoucí podniku

Vytváranie inovačnej klímy vo firmách. 1. Situačná analýza: Schéma pre diagnózu inovačných problémov podľa Parsonsa. 2. Formovanie stratégie. 3. Vytvorenie špeciálnych schopností. 4. Vytvorenie vhodnej organizácie. 5. Inovačný manažment.

Guardado en:
Detalles Bibliográficos
Formato: Capítulo de libro
Lenguaje:checo
Materias:
Etiquetas: Agregar Etiqueta
Sin Etiquetas, Sea el primero en etiquetar este registro!

MARC

LEADER 00000naa a2200000 4500
001 r015248
005 20221205090817.2
041 0 |a cze 
044 |a SK 
245 1 0 |a Jak vytvářejí podnikatelé inovační klima?  |b Poradenské listy pro výrobkové manažery a vedoucí podniku 
520 |a Vytváranie inovačnej klímy vo firmách. 1. Situačná analýza: Schéma pre diagnózu inovačných problémov podľa Parsonsa. 2. Formovanie stratégie. 3. Vytvorenie špeciálnych schopností. 4. Vytvorenie vhodnej organizácie. 5. Inovačný manažment. 
610 2 0 |a inovácia 
610 2 0 |a firmy 
610 2 0 |a podnikatelia 
610 2 0 |a stratégia podniková